Εκπαιδευτική θεωρία και διδακτική πράξη στη μεταπολεμική Ελλάδα : μια κοινωνική ιστορία της διδασκαλίας και του διδασκαλικού επαγγέλματος
Αποθηκεύτηκε σε:
| Κύριος συγγραφέας: | |
|---|---|
| Άλλοι συγγραφείς: | |
| Μορφή: | Βιβλίο |
| Γλώσσα: | Greek |
| Δημοσίευση: |
Θεσσαλονίκη :
Επίκεντρο,
2012.
|
| Θέματα: | |
| Ετικέτες: |
Προσθήκη ετικέτας
Δεν υπάρχουν, Καταχωρήστε ετικέτα πρώτοι!
|
MARC
| LEADER | 00000nam a2200000 a 4500 | ||
|---|---|---|---|
| 001 | 1/126406 | ||
| 008 | 230403s2012####gr | ||| |||| ||gre|| | ||
| 020 | |a 9789604583614 | ||
| 040 | |a GR-MyUa |b gre |c GR-MyUa |e AACR2 | ||
| 041 | 0 | |a gre | |
| 082 | 7 | |a 370.9495 |2 (23) | |
| 100 | 1 | |a Καρακατσάνη, Δέσποινα. | |
| 245 | 1 | 0 | |a Εκπαιδευτική θεωρία και διδακτική πράξη στη μεταπολεμική Ελλάδα : |b μια κοινωνική ιστορία της διδασκαλίας και του διδασκαλικού επαγγέλματος / |c Δέσποινα Καρακατσάνη ; επιμέλεια: Δήμητρα Ασημακοπούλου. |
| 260 | |a Θεσσαλονίκη : |b Επίκεντρο, |c 2012. | ||
| 300 | |a 390 σ. : |b εικ. ; |c 24 εκ. | ||
| 504 | |a Περιλαμβάνει βιβλιογραφικές παραπομπές και ευρετήριο όρων. | ||
| 504 | |a Βιβλιογραφία: σ. [353]-385. | ||
| 650 | 0 | |a Education |z Greece |x History |y 20th century. | |
| 650 | 0 | |a Teachers |z Greece |x History. | |
| 700 | 1 | |a Ασημακοπούλου, Δήμητρα, |e edtf | |
| 852 | |a INST |b RHODES |e 20230403 |h 370.9495 ΚΑΡ |p 005400043497 |q 005400043497 |t BK |y 0 | ||
| 970 | |a Σιδερή |b Νεκταρία |z 2023-04-03 | ||